| 000 | 00590cam a22001935a 4500 | ||
|---|---|---|---|
| 001 | L156249 | ||
| 008 | 120509s1843 xxk f 000 0 eng d | ||
| 035 | _a(Sirsi) u156249 | ||
| 041 | 0 | _aeng | |
| 100 | 1 | _aEmy, Amand Rose | |
| 245 | 0 | 0 | _aTraite de l'art de la charpenterie |
| 260 |
_aLiege _bD. Avanzo & Co, _c1843 |
||
| 300 |
_a2 v. _bill., tables _c27 cm. + atlas (157 pl. ; 34 x 52 cm.) |
||
| 520 | _aLibrary holds volume of plates only. | ||
| 583 | 0 |
_aCondition reviewed _c20120620 _lcondition level 2 |
|
| 651 | 4 | _aFrance | |
| 690 | _aBuilding materials and defects | ||
| 942 | _n0 | ||
| 999 |
_c114128 _d114128 |
||